Tanuljunk népművelést is. (1979)
Elmentve itt :
| Szerző: | |
|---|---|
| Adatforrás: | Meister |
| Forrásdokumentuma: | Művelődés. Antológia. A közművelődés... (1976-1989) |
| Nyelv: | magyar |
| Kulcsszavak: | művelődési élet gyermekzenekarok népművelés zeneoktatás |
| LEADER | 00447nab a2200157 i 4500 | ||
|---|---|---|---|
| 001 | bibPRO00003456 | ||
| 008 | 060524s1999 xx hun | ||
| 040 | |a Sz1 | ||
| 041 | |a hun | ||
| 100 | 1 | |a BALOGH Edgár | |
| 245 | 1 | 0 | |a Tanuljunk népművelést is. (1979) |c BALOGH Edgár |
| 695 | |a művelődési élet | ||
| 695 | |a gyermekzenekarok | ||
| 695 | |a népművelés | ||
| 695 | |a zeneoktatás | ||
| 773 | 0 | |t Művelődés. Antológia. A közművelődés... (1976-1989) | |